000
00284nam a22001337a 4500
008
170913b xxu||||| |||| 00| 0 eng d
020
_a
9780735409668
041
_a
eng
080
_a
53
100
_a
43
101
_a
FIZ
245
_a
GRADUATE PROGRAMS
_c
HAYNES,J
942
_2
udc
_c
BK
999
_c
27473
_d
27473